000 00506pab a2200181 454500
008 180718b2004 xxu||||| |||| 00| 0 eng d
100 _aAbe, Kiyoshi
245 _aEveryday policing in Japan: surveillance, media, government and public opinion
260 _c2004
300 _ap.215-31.
362 _aJun
650 _aCivil society - Japan
650 _aPublic opinion - Japan
650 _aState security - Japan
650 _aCivil society
773 _aInternational Sociology
909 _a61229
999 _c61229
_d61229